000 00606nam a22002057a 4500
008 150515b xxu||||| |||| 00| 0 eng d
020 _a9780078110917 (alk. paper)
020 _a0078110912 (alk. paper)
041 0 _aeng
080 0 0 _a658.15
100 1 _aHilton, Ronald W.
245 1 0 _aManagerial accounting :
_cRonald W. Hilton.
250 _a9th. ed.
260 _aNew York :
_bMcGraw-Hill/Irwin,
_cc2011.
300 _a813 f
_bme il
_c29 cm.
505 _aIndex:f. 801-815
650 0 _aKontabilitet
650 0 _aMenaxherial
942 _2udc
_cBK
999 _c759
_d759